000 00704nam a2200205Ia 4500
003 IN-BaIIA
008 211028s9999 xx s 000 0 eng d
020 _a978-2-7598-0485-6 (Online)
022 _a1633-4760 (Print)
022 _a1638-1963 (Online)
040 _cIIA Library
100 _aSpinoglio, L., ed.
_938196
245 0 _a3rd ARENA Conference: An Astronomical Observatory at CONCORDIA (Dome C, Antarctica)
_h[eBook]
260 _aFrance
_bEDP Sciences
_c2010
300 _a498p.
490 _aEAS Publications Series
700 _aEpchtein, N.
_938197
856 _uhttps://www.eas-journal.org/articles/eas/abs/2010/01/contents/contents.html
_yClick Here to Access eBook
942 _cEB
999 _c20634
_d20634